Luis de Camões (Registo nº 4060)

Detalhes MARC
000 -Etiqueta do registo
Cabeçalho 00619cam a2200241 4500
005 - Identificador da versão
Campo de controlo 20240813122051.0
010 ## - Número internacional normalizado dos livros (ISBN)
Número (ISBN) 9789898054388
021 ## - Número do Depósito Legal
Código do país PT
Número 261794/07
100 ## - Dados gerais de processamento
Dados gerais de processamento 20080714d2007 a y0pory5003 ba
102 ## - Pais de publicação ou produção
País de publicação Portugal
101 0# - Língua de publicação
Língua do texto, banda sonora, etc. Português
215 ## - Descrição física 
Indicação específica da natureza do documento e extensão da espécie 41, [5] p.
Outras indicações físicas il
200 1# - Titulo e menção de responsabilidade
Título próprio Luis de Camões
Primeira menção de responsabilidade Ana Oom
Outras menções de responsabilidade il. Danuta Wojciechowska
225 1# - Colecção 
Título próprio da colecção Nomes com história
210 ## - Publicação, Distribuição, etc. 
Lugar da edição, distribuição, etc. Lisboa
Nome do editor, distribuidor, etc. Zero a oito
Data da publicação, distribuição, etc. D.L. 2007
675 ## - Classificação Decimal Universal (CDU)
Notação 929
Edição BN
Língua da edição por
702 #1 - Nome de autor-pessoa física (responsabilidade secundária)
Número de registo de entrada de autoridade 0000413
Palavra de ordem Wojciechowska
Outra parte do nome não tomada para palavra de ordem Danuta
Código de função Ilustrador / Técnico de desenho computorizado
700 #1 - Nome de autor-pessoa física (responsabilidade principal)
Número de registo de entrada de autoridade 0000573
Palavra de ordem Oom
Outra parte do nome não tomada para palavra de ordem Ana
942 ## - Elementos de entrada adicionados (Koha)
Tipo de item no Koha Livro
Exemplares
Situação do levantamento Origin of item (home branch) (coded) Biblioteca de empréstimo Código de barras Cota Circulation type (not for loan) Tipo de documento Nota do exemplar Damaged status
  Biblioteca Escolar das Vendas Biblioteca Escolar das Vendas BEV1774 9BIO OOM   Livro Sem mensagem